000
00320nam a2200121Ia 4500
008
210430s9999 xx 000 0 und d
082
_a
620.1103 D245A
100
_a
J.R.Davis
_9
53773
245
_a
ASM Materials Engineering Dictionary
_c
J.R.Davis
260
_a
America
_b
ASM
_c
1992
300
_a
555 P
942
_c
BK
_2
ddc
999
_c
565486
_d
565486